000 00777nam a2200253Ia 4500
003 OSt
005 20221005091349.0
006 a|||||r|||| 00| 0
007 ta
008 221004b |||||||| |||| 00| 0 eng d
020 _a9780230114692 (hbk)
_c2012.39
024 _a12905
037 _b7190, 25/03/2014, Efficient Book Distributors
_cTextual
040 _aCRL
_cCRL
_beng
041 _2eng
_aeng
082 _aV45.P, Q2
100 _aNabavi Negin
_9616101
245 0 _aIran
_b From themocracy to the green movement
260 _aNew York
_bPalgrave macmillan U.S.A
_c2012
300 _axv, 186p.
_ccm.
650 _aHISTORY
942 _hV45.P, Q2
_cTEXL
_2cc
999 _c997179
_d997179